| 000 | 00531cam a2200145 4500500 | ||
|---|---|---|---|
| 005 | 20251116013548.0 | ||
| 041 | _afre | ||
| 042 | _adc | ||
| 100 | 1 | 0 |
_aBlanc-Brude, Gilles _eauthor |
| 245 | 0 | 0 | _aOuvrages déposés au bureau de la revue |
| 260 | _c2025. | ||
| 500 | _a32 | ||
| 786 | 0 | _nRevue philosophique de la France et de l'étranger | 254 | 4 | 2025-10-31 | p. 593-594 | 0035-3833 | |
| 856 | 4 | 1 | _uhttps://shs.cairn.info/revue-revue-philosophique-de-la-france-et-de-letranger-2025-4-page-593?lang=fr&redirect-ssocas=7080 |
| 999 |
_c1563554 _d1563554 |
||